000 00486nam a2200145 a 4500
001 000046210
005 20201002052717.0
008 150706s1997 dr ac 000 0 spa d
040 _aDO-SdBNP
_bspa
_cBNPHU
100 1 _aLópez Piña, Grabiel
_974247
245 1 0 _aProyecto acuario /
_cGrabiel López Piña,.
260 _aSanto Domingo :
_b(IDDI),
_c1997.
300 _a12 p. :
_bil., retrs. ;
_c32 cm.
710 2 _aInstituto Dominicano de Desarrollo Integral (República Dominicana)
_974248
999 _c45699
_d45699